[Event "Oberliga NRW 9899 II"]
[Site "Germany"]
[Date "1999.??.??"]
[Round "6.8"]
[White "Eichler, Roland"]
[Black "Krug, Franz Dieter"]
[Result "1/2-1/2"]
[WhiteElo "1272"]
[BlackElo "1580"]
[PlyCount "23"]
[EventDate "1998.10.10"]
[EventType "team"]
[EventRounds "9"]
[EventCountry "GER"]
[SourceTitle "EXT 2000"]
[Source "ChessBase"]
[SourceDate "1999.11.16"]
[SourceVersion "1"]
[SourceVersionDate "1999.11.16"]
[SourceQuality "1"]
[WhiteTeam "Letmathe"]
[BlackTeam "Uebach Palenberg"]
[WhiteTeamCountry "GER"]
[BlackTeamCountry "GER"]

1. e4 e5 2. Nf3 Nc6 3. Bb5 d6 4. Bxc6+ bxc6 5. 0-0 Nf6 6. Nc3 Be7 7. d4 Bg4 8. dxe5 Bxf3 9. Qxf3 dxe5 10. Rd1 Nd7 11. Qg4 Bf6 12. f4 1/2-1/2